00729nam a2200229Ia 4500001000900000003000500009005001700014008004100031010001100072020001800083040000900101082001900110100002000129245011600149260005600265300001600321500004900337650002300386650002100409700004100430700002800471dia_1174CHAP20230120112423.0220117s1986 xx 000 0 und d a171721 a968-50-0016-6 cCHAP a512.5 K65 1986 aKolman, Bernard aAlgebra lineal /c Bernard Kolman ; traducción Gregorio A. Caballero Saumeth ; colaboración Alberto Saeger aMéxico :b Fondo Educativo Interamericano,c1986 axii, 304 p. aTítulo original: Elementary linear algebra aÁlgebra lineal  aAlgebras, Linear aCaballero Saumeth, Gregorio A., tr.  aSaeger, Alberto, colab.